| 000 | 01638nam a2200301Ia 4500 | ||
|---|---|---|---|
| 999 |
_c41565 _d41565 |
||
| 001 | 8233 | ||
| 003 | GE_BSU | ||
| 005 | 20240410175503.0 | ||
| 008 | 181216s2008||||ge |||||||||||||| ||geo|| | ||
| 040 | _cGE_BSU | ||
| 041 | _ageo | ||
| 080 | _a338.488.2 ხ–27 | ||
| 100 |
_aხარტიშვილი, ლელა _93294 |
||
| 245 |
_aტურიზმი სოფლად : _bდამხმ. სახელმძღვ. ოჯახური სასტუმრო სახლების მფლობელთათვის / _c[ავტ. ლ. ხარტიშვილი ; რედ. მანანა გიგაური ; რედკოლ. : მარიამ ჯორჯაძე, თამაზ დუნდუა ; ფოტ. : ია ებრალიძე [და სხვ.] |
||
| 264 |
_aთბილისი : _bელკანა, _c2008. |
||
| 300 |
_a36 გვ. : _b ილ. ; _c20 სმ. |
||
| 500 | _aგარეკანზე ავტორი მითითებული არ არის | ||
| 500 | _aდანართები : გვ. 32-34 | ||
| 500 | _aგანმარტ. ლექსიკონი : გვ. 35 | ||
| 504 | _aბიბლიოგრ. : გვ. 36 | ||
| 541 | _h15ლ. | ||
| 653 | _aტურიზმი სოფლად | ||
| 653 | _aტურიზმის ეკონომიკა | ||
| 653 | _aსაოჯახო ტურიზმი | ||
| 653 | _aსაოჯახო სასტუმროები | ||
| 700 |
_aგიგაური, მანანა _eრედაქტორი _93295 |
||
| 942 |
_cBK _2udc |
||